|
|
|
|
| LEADER |
00699cam a2200205 7i4500 |
| 001 |
0000011500 |
| 005 |
20170218090000.0 |
| 008 |
090313 eng |
| 020 |
|
|
|a 981006571x (pbk.)
|
| 090 |
0 |
0 |
|a HG4538
|b .T54 1991
|
| 100 |
1 |
|
|a Taylor, John H
|
| 245 |
1 |
0 |
|a Global investing for the 21st century
|c by John H. Taylor.
|
| 246 |
3 |
|
|a Global investing for the twenty-first century.
|
| 250 |
|
|
|a Paperback ed.
|
| 260 |
|
|
|a Chicago, Ill.:
|b International Pub. Corp.,
|c 1995.
|
| 300 |
|
|
|a xxvi, 354 p.:
|b ill.;
|c 26 cm.
|
| 500 |
|
|
|a Includes index
|
| 650 |
0 |
0 |
|a Investments, Foreign
|
| 997 |
|
|
|a Business & Accountancy, Faculty
|
| 999 |
|
|
|a 0000023143
|b BOK
|c OPEN SHELF
|e 1st Floor, Shah Alam
|